[Event "SVK-ch U08"]
[Site "Liptovsky Mikulas"]
[Date "2019.04.24"]
[Round "3"]
[White "Kulich, Filip"]
[Black "Sun, Martin"]
[Result "1-0"]
[WhiteElo "1018"]
[BlackElo "1034"]
[PlyCount "59"]
[EventDate "2019.04.23"]
[EventType "tourn"]
[EventRounds "9"]
[EventCountry "SVK"]
[SourceTitle "CBM 190 Extra"]
[Source "ChessBase"]
[SourceDate "2019.07.15"]
[SourceVersion "1"]
[SourceVersionDate "2019.07.15"]
[SourceQuality "1"]

1. e4 e5 2. Nf3 Nc6 3. Bc4 Nf6 4. Ng5 d5 5. exd5 Na5 6. Bb5+ c6 7. dxc6 bxc6 8. Be2 h6 9. Nf3 Bd6 10. d4 Qe7 11. dxe5 Bxe5 12. Nxe5 Qxe5 13. 0-0 0-0 14. Re1 Qf5 15. Bd3 Qc5 16. b3 Qd4 17. Bh7+ Kxh7 18. Qxd4 Bf5 19. Qc5 Rfe8 20. Rxe8 Rxe8 21. Qxa5 Bxc2 22. Bb2 Re2 23. Bxf6 gxf6 24. Qc3 Kg6 25. Nd2 Bf5 26. Nf3 Rc2 27. Nh4+ Kg5 28. Qg3+ Kh5 29. Nxf5 Re2 30. Ng7# 1-0

[Event "SVK-ch U08"]
[Site "Liptovsky Mikulas"]
[Date "2018.04.24"]
[Round "6"]
[White "Sevcik, Ondrej"]
[Black "Sun, Martin"]
[Result "1-0"]
[WhiteElo "1209"]
[BlackElo "1000"]
[PlyCount "21"]
[EventDate "2018.04.21"]
[EventType "swiss"]
[EventRounds "9"]
[EventCountry "SVK"]
[SourceTitle "CBM 184 Extra"]
[Source "ChessBase"]
[SourceDate "2018.06.28"]
[SourceVersion "1"]
[SourceVersionDate "2018.06.28"]
[SourceQuality "1"]

1. e4 e5 2. Nf3 Nc6 3. Bc4 Nf6 4. Ng5 d5 5. exd5 Nb4 6. d6 Nbd5 7. Qf3 c6 8. Nc3 Be6 9. Bxd5 Bxd5 10. Nxd5 Nxd5 11. Qxf7# 1-0